000 00572nam a2200181 i 4500
001 41561
003 ES-MaACL
005 20230906160443.0
007 t|
008 030311s1933 fr ||||1| fre d
100 1 _aCassagnac, Paul de.
_936339
245 1 0 _aNapoleon pacifiste /
_cPaul de Cassagnac ; préface du Prince Murat.
260 _aParis :
_bLes Éditions de France,
_c1933 (
_fImp. Moderne)
300 _aXXIII, 396 p. :
_bil. ;
_c20 cm.
600 0 4 _aNapoleón
_bI
_c, Emperador de Francia.
_984910
852 _aES-MaACL
_jA-3445
852 _aES-MaACL
_jA-1693
999 _c41561
_d41561